|
|
|
|
| LEADER |
01426nam a2200289 a 4500 |
| 001 |
4787889 |
| 008 |
111031r20111988enka b 001 0 eng |
| 010 |
|
|
|a 87034162
|
| 020 |
|
|
|a 9780198544937
|
| 020 |
|
|
|a 0198544898 :
|c $70.00 (U.S.)
|
| 020 |
|
|
|a 0198544936 (pbk.) :
|c £15.00 (est.)
|
| 040 |
|
|
|a DLC
|c DLC
|d DLC
|d BD-DhAAL
|
| 082 |
0 |
0 |
|a 532/.05
|2 19
|
| 100 |
1 |
|
|a Tritton, D. J.
|
| 245 |
1 |
0 |
|a Physical fluid dynamics /
|c D.J. Tritton.
|
| 250 |
|
|
|a 2nd ed.
|
| 260 |
|
|
|a Oxford [England] :
|b Clarendon Press ;
|a New York :
|b Oxford University Press,
|c 1988 [reprinted 2001].
|
| 300 |
|
|
|a xvii, 519 p. :
|b ill. ;
|c 24 cm.
|
| 490 |
0 |
|
|a Oxford science publications
|
| 504 |
|
|
|a Includes bibliographical references and index.
|
| 541 |
|
|
|e 00023757
|
| 650 |
|
0 |
|a Fluid dynamics.
|
| 852 |
1 |
|
|a Ayesha Abed Library
|c General shelf.
|
| 999 |
|
|
|c 11361
|d 11361
|
| 952 |
|
|
|0 0
|1 0
|2 ddc
|4 0
|6 532_050000000000000_TRI
|7 0
|9 18471
|a BRACUL
|b BRACUL
|c GEN
|d 2011-10-26
|e karim International
|g 6480.00
|l 1
|o 532.05 TRI
|p 3010023757
|r 2013-04-18
|s 2013-04-17
|t 1
|w 2011-11-01
|y BK
|
| 952 |
|
|
|0 0
|1 0
|2 ddc
|4 0
|6 532_050000000000000_TRI
|7 0
|9 18472
|a BRACUL
|b BRACUL
|c GEN
|d 2011-10-26
|e karim International
|g 6480.00
|l 1
|m 1
|o 532.05 TRI
|p 3010023758
|r 2026-03-28
|s 2026-03-04
|t 2
|w 2011-11-01
|y BK
|
| 952 |
|
|
|0 0
|1 0
|2 ddc
|4 0
|6 532_050000000000000_TRI
|7 0
|9 18473
|a BRACUL
|b BRACUL
|c GEN
|d 2011-10-26
|e karim International
|g 6480.00
|l 0
|o 532.05 TRI
|p 3010023759
|r 2011-11-01
|t 3
|w 2011-11-01
|y BK
|